000 00661nam a2200193Ia 4500
003 GCL
008 140319s9999 xx 000 0 ara d
040 _aGCL /
_cGCL
082 0 4 _a808.8
_bم ق
100 1 _aمحمد السباعى
245 1 0 _aقصص منوعة ك روسية - انجليزية - فرنسية /
_cمحمد السباعى
260 _aالقاهرة :
_bمكتبة مصر ،
_c1994
300 _a234 ص ؛
_c19 سم
490 _a100 قصة
_v0
650 0 4 _aالادب العالمى المترجم
650 0 4 _aالقصص الانجليزية القصيرة
650 0 4 _aالقصص الروسية القصيرة
942 _2ddc
_cBK
999 _c44330
_d44330